| 000 | 00595cam a2200217 a 4500 | ||
|---|---|---|---|
| 040 | _cDLC | ||
| 082 | 0 | 0 | _a582 VIR 1977 C149 Or. |
| 100 | 0 | _aAmnuay Pinratana. | |
| 245 | 1 | 0 | _aFlowers in Thailand / |
| 260 |
_a[Bangkok], Thailand : _bViratham Press, _c<[1977-<1986 > |
||
| 300 |
_av. <5, 12 > : _bcol. ill. ; _c19 cm. |
||
| 490 | 1 | _aNature series ; | |
| 500 | _aEnglish and Thai. | ||
| 500 | _aCover title: Dō̜kmai nai Mư̄ang Thai. | ||
| 500 | _aIncludes index. | ||
| 650 | 0 | _aWild flowers | |
| 650 | 0 | _aFlowers | |
| 650 | 0 | _aWild flowers | |
| 650 | 0 | _aFlowers | |
| 942 | _cAEDBB | ||
| 999 |
_c18625 _d18625 |
||